Case of salmonella spp. on pork in market at prasat commune, kampong trabek district, prey veng province, ករណី SALMONELLA SPP. លើសាច់ជញរូកនៅផ្សារ ក្នុងឃុំប្រាសាទ ស្រុកកំពង់ត្របែក ខេត្តព្រៃវែង (Record no. 25821)

000 -LEADER
fixed length control field 00602nam a22001217a 4500
040 ## - CATALOGING SOURCE
Transcribing agency RUA
082 ## - DEWEY DECIMAL CLASSIFICATION NUMBER
Classification number AVM PEC 2025 B705 Or.1
100 ## - MAIN ENTRY--AUTHOR NAME
Personal name PECH VIREAK, ប៉ិច វិរៈ
245 ## - TITLE STATEMENT
Title Case of salmonella spp. on pork in market at prasat commune, kampong trabek district, prey veng province, ករណី SALMONELLA SPP. លើសាច់ជញរូកនៅផ្សារ ក្នុងឃុំប្រាសាទ ស្រុកកំពង់ត្របែក ខេត្តព្រៃវែង
260 ## - PUBLICATION, DISTRIBUTION, ETC. (IMPRINT)
Place of publication PHNOM PENH
Name of publisher RUA
Year of publication 2025
300 ## - PHYSICAL DESCRIPTION
Number of Pages x,48p.
Other physical details ill.
Dimensions 29cm.
942 ## - ADDED ENTRY ELEMENTS (KOHA)
Koha item type AVM
952 ## - LOCATION AND ITEM INFORMATION (KOHA)
Withdrawn status [LOCAL, KOHA] 0
952 ## - LOCATION AND ITEM INFORMATION (KOHA)
Withdrawn status [LOCAL, KOHA] 0
Holdings
Permanent Location Date acquired Koha item type Lost status Shelving location Barcode Current Location Full call number
Library Block B2026-05-26AVM B705B713005Library Block AAVM PEC 2025 B705 Or.2
Library Block B2026-05-26AVM B705B712229Library Block BAVM PEC 2025 B705 Or.1
មជ្ឈមណ្ឌលឯការនៃសាកលវិទ្យាល័យភូមិន្ទកសិកម្មចំការដូង

Powered by Koha